[Event "AUTO-INT-615"]
[Site "http://www.queenalice.com/game.php?id=271261"]
[Date "2007.9.13"]
[Round "1"]
[White "Estepona"]
[Black "Danilo"]
[Result "1-0"]
[WhiteElo "1460"]
[BlackElo "1492"]

1. e4 Nf6 2. Nc3 d5 3. e5 Ng4 4. d4 g6 5. h3 Nh6 6. Nf3 e6 7. Bd3 Nc6 8. O-O f6
9. Bf4 f5 10. a3 Bg7 11. Bb5 Bd7 12. Bd3 Qe7 13. Bg5 Qf7 14. Nb5 Rc8 15. c3 a6
16. a4 axb5 17. axb5 Ne7 18. Qc2 c6 19. Ra7 Rb8 20. Rfa1 O-O 21. Qa4 Qe8 22.
Bxe7 Qxe7 23. h4 Ng4 24. c4 Bh6 25. bxc6 Bxc6 26. Qxc6 g5 27. cxd5 Qb4 28. Qxe6+
Kh8 29. Bxf5 Qxb2 30. R7a2 Qc3 31. Bxg4 Bg7 32. Bf5 gxh4 33. Re1 Rbe8 34. Qd7
Rg8 35. Nxh4 Qxe1+ 36. Kh2 Qc3 37. Rc2 Qxd4 38. Rc7 Qxe5+ 39. g3 Re7 40. Qxe7
Qxd5 41. Be6 Qd4 42. Bxg8 Qxf2+ 43. Ng2 Qd4 44. Be6 h5 45. Bf5 h4 46. Rc8+ Bf8
47. Qh7# 1-0

[Event "AUTO-INT-615"]
[Site "http://www.queenalice.com/game.php?id=271270"]
[Date "2007.9.13"]
[Round "1"]
[White "Estepona"]
[Black "sadick"]
[Result "1-0"]
[WhiteElo "1441"]
[BlackElo "1649"]

1. e4 c6 2. d4 d5 3. e5 Bf5 4. f4 e6 5. Bd3 Bxd3 6. Qxd3 c5 7. c3 cxd4 8. cxd4
Nc6 9. Nf3 Bb4+ 10. Nc3 Nge7 11. Bd2 Na5 12. a3 Bxc3 13. Qxc3 Nc4 14. O-O Rc8
15. Qb4 Nxd2 16. Nxd2 b6 17. Qb5+ Qd7 18. Qxd7+ Kxd7 19. Rac1 Nf5 20. Nb3 Rc4
21. Rfd1 Rhc8 22. Rxc4 Rxc4 23. Kf2 Rc2+ 24. Rd2 Rxd2+ 25. Nxd2 Nxd4 26. g3 Kc6
27. Ke3 Nf5+ 28. Kd3 Kc5 29. b4+ Kb5 30. Kc3 Ka4 31. Nb1 Ne3 32. Kb2 Nf1 33.
Nc3# 1-0

[Event "AUTO-INT-615"]
[Site "http://www.queenalice.com/game.php?id=271271"]
[Date "2007.9.13"]
[Round "1"]
[White "sadick"]
[Black "Estepona"]
[Result "1-0"]
[WhiteElo "1643"]
[BlackElo "1447"]

1. e4 d6 2. d4 Nf6 3. Nc3 g6 4. Nf3 Bg7 5. Bg5 O-O 6. Bc4 Bg4 7. h3 Bxf3 8. Qxf3
Nbd7 9. O-O e5 10. d5 h6 11. Bxf6 Nxf6 12. Qe3 Nh5 13. Ne2 Bf6 14. f4 exf4 15.
Nxf4 Bg5 16. g3 Bxf4 17. gxf4 Qh4 18. Rf3 Rae8 19. Bd3 f5 20. e5 dxe5 21. fxe5
f4 22. Qe4 Qg5+ 23. Kh2 Ng3 24. Qc4 Qxe5 25. d6+ Qe6 26. Qxe6+ Rxe6 27. Bc4 1-0

[Event "AUTO-OPEN-828"]
[Site "http://www.queenalice.com/game.php?id=271286"]
[Date "2007.9.13"]
[Round "1"]
[White "Teltz"]
[Black "Estepona"]
[Result "1/2-1/2"]
[WhiteElo "1812"]
[BlackElo "1465"]

1. d4 Nf6 2. Bg5 e6 3. e4 g6 4. e5 Bg7 5. exf6 Bxf6 6. Qf3 Bxg5 7. Bd3 Nc6 8. c3
f5 9. Nh3 Bh6 10. Na3 O-O 11. O-O Re8 12. Nf4 Bg7 13. Nc4 d6 14. Ne2 e5 15. dxe5
Nxe5 16. Nxe5 dxe5 17. Bc4+ Kh8 18. g3 e4 19. Qe3 Qe7 20. f3 Be6 21. Bxe6 Qxe6
22. f4 Rad8 23. b3 Rd3 24. Qc5 b6 25. Qxc7 Rc8 26. Qxa7 Bxc3 27. Nxc3 Rdxc3 28.
Qa6 Rc2 29. Rfe1 e3 30. Re2 Rc1+ 31. Rxc1 Rxc1+ 32. Kg2 Qd5+ 33. Kh3 Qf3 34. Qd3
Rg1 35. Qd4+ Kg8 36. Qd8+ Kg7 37. Qe7+ Kg8 38. Qe8+ Kg7 39. Qe7+ Kg8 40. Qd8+
Kg7 41. Qe7+ 1/2-1/2

[Event "AUTO-OPEN-828"]
[Site "http://www.queenalice.com/game.php?id=271287"]
[Date "2007.9.13"]
[Round "1"]
[White "Estepona"]
[Black "Teltz"]
[Result "0-1"]
[WhiteElo "1462"]
[BlackElo "1762"]

1. e4 d6 2. d4 e6 3. Bd3 Nc6 4. Ne2 a6 5. Be3 e5 6. c3 f6 7. Nd2 Bg4 8. f3 Bh5
9. d5 Na7 10. Ng3 Bg6 11. O-O Ne7 12. f4 Bf7 13. fxe5 dxe5 14. c4 Nac8 15. Nf5
Bg6 16. Nxe7 Bxe7 17. Qa4+ Kf7 18. Nf3 Nd6 19. Nxe5+ Kg8 20. Nxg6 hxg6 21. Bf4
g5 22. Bg3 Nf7 23. Qc2 Bd6 24. Qf2 b6 25. b3 Nh6 26. e5 Bc5 0-1

[Event "AUTO-OPEN-828"]
[Site "http://www.queenalice.com/game.php?id=271314"]
[Date "2007.9.13"]
[Round "1"]
[White "Estepona"]
[Black "Andreu"]
[Result "0-1"]
[WhiteElo "1458"]
[BlackElo "1591"]

1. e4 e5 2. f4 Nf6 3. Nf3 Nc6 4. Nc3 Bc5 5. d3 Ng4 6. d4 exd4 7. h3 d6 8. hxg4
dxc3 9. f5 cxb2 10. Bxb2 f6 11. g5 Qe7 12. gxf6 Qxe4+ 13. Be2 Qb4+ 14. Kf1 Qxb2
15. f7+ Kxf7 16. Ng5+ Kf8 17. Rb1 Qf6 18. Nxh7+ Rxh7 19. Rxh7 Qxf5+ 20. Bf3 Qxh7
21. Ke2 Bf5 22. Qd5 Re8+ 23. Kd2 Bxc2 24. Rf1 Be3+ 25. Ke1 Qh4+ 26. Ke2 Nd4+ 0-1

[Event "AUTO-OPEN-828"]
[Site "http://www.queenalice.com/game.php?id=271315"]
[Date "2007.9.13"]
[Round "1"]
[White "Andreu"]
[Black "Estepona"]
[Result "0-1"]
[WhiteElo "1581"]
[BlackElo "1420"]

1. e4 e5 2. Nf3 Nc6 3. Bc4 Bc5 4. Ng5 Qxg5 5. d4 Qxg2 6. Rf1 Qxe4+ 7. Be3 Nxd4
8. Bd3 Qh4 9. c3 Ne6 10. Qe2 Bxe3 11. Qxe3 d6 12. Nd2 Nf4 13. Bb5+ c6 14. Nc4
Ng2+ 15. Kd1 Nxe3+ 16. fxe3 cxb5 17. Nxd6+ Ke7 0-1

[Event "AUTO-OPEN-828"]
[Site "http://www.queenalice.com/game.php?id=271316"]
[Date "2007.9.13"]
[Round "1"]
[White "Estepona"]
[Black "madruga23"]
[Result "0-1"]
[WhiteElo "1484"]
[BlackElo "1875"]

1. e4 e5 2. f4 Bc5 3. Nf3 exf4 4. d4 Bb4+ 5. c3 Ba5 6. Bxf4 d6 7. Bc4 Bg4 8.
Bxf7+ Ke7 9. Bg5+ Nf6 10. Bxf6+ gxf6 11. Bb3 c5 12. h3 Bh5 13. g4 Bg6 14. Nbd2
cxd4 15. Nxd4 Nd7 16. Ne6 Qc8 17. Nc4 Bc7 18. Qd2 Ne5 19. Nxe5 dxe5 20. Qd5 Bf7
21. Qc5+ Bd6 22. Qxc8 Raxc8 23. O-O-O Bxe6 24. Bxe6 Kxe6 25. Rd5 Rc5 26. Rhd1
Rd8 27. Kc2 Rxd5 28. exd5+ Ke7 29. c4 Rh8 30. b3 h5 31. gxh5 Rxh5 32. Rg1 Rg5
33. Rh1 Rg2+ 34. Kb1 e4 35. h4 Rh2 36. Rg1 Kf7 37. Rg4 f5 38. Rg5 Kf6 39. Rg8 e3
40. Re8 e2 41. Kc1 Be7 42. Kd2 f4 43. Ra8 Bb4+ 0-1

[Event "AUTO-OPEN-828"]
[Site "http://www.queenalice.com/game.php?id=271317"]
[Date "2007.9.13"]
[Round "1"]
[White "madruga23"]
[Black "Estepona"]
[Result "1-0"]
[WhiteElo "1852"]
[BlackElo "1458"]

1. e4 e5 2. Nf3 Nc6 3. Bb5 d6 4. d4 exd4 5. Nxd4 Bd7 6. Nxc6 Bxc6 7. Bxc6+ bxc6
8. O-O d5 9. Nc3 d4 10. Ne2 Bc5 11. c3 Qf6 12. cxd4 Bb6 13. Qa4 Ne7 14. Be3 O-O
15. Qc2 Rad8 16. Rad1 Ng6 17. Qc1 Rfe8 18. Bg5 1-0

[Event "Challenge"]
[Site "http://www.queenalice.com/game.php?id=276290"]
[Date "2007.9.24"]
[Round "-"]
[White "ROLAND"]
[Black "Estepona"]
[Result "0-1"]
[WhiteElo "1447"]
[BlackElo "1484"]

1. e4 d6 2. d4 Nf6 3. Nc3 g6 4. Bc4 Bg7 5. Bb5+ Nbd7 6. Nf3 O-O 7. O-O a6 8. Bc4
Nb6 9. Bd3 Bg4 10. b3 Nfd7 11. Be3 e5 12. Bg5 f6 13. Bh4 exd4 14. Ne2 Bxf3 15.
gxf3 Qe8 16. Nxd4 Ne5 17. Be2 c5 18. Qd3 Nxd3 19. Bxd3 cxd4 20. Bg3 Rd8 21. a3
d5 22. Rfe1 Qd7 23. Bf1 f5 24. exd5 Nxd5 25. Rad1 Nc3 26. Rd3 Rfe8 27. Rc1 Qd5
28. Bg2 Ne2+ 29. Kf1 Nxc1 30. Rd1 Qb5+ 31. c4 Qxb3 32. Rxc1 d3 33. Bf4 d2 34.
Bg5 dxc1=Q+ 35. Bxc1 Qd1# 0-1

[Event "Challenge"]
[Site "http://www.queenalice.com/game.php?id=277096"]
[Date "2007.9.25"]
[Round "-"]
[White "Estepona"]
[Black "sapo_montanna"]
[Result "1-0"]
[WhiteElo "1454"]
[BlackElo "1202"]

1. e4 e5 2. f4 exf4 3. Nf3 c5 4. Bc4 a6 5. d3 h5 6. Bxf4 b5 7. Bd5 h4 8. h3 Qf6
9. Bc1 Ra7 10. Bg5 Qxb2 11. Nbd2 1-0

[Event "Challenge"]
[Site "http://www.queenalice.com/game.php?id=278585"]
[Date "2007.9.29"]
[Round "-"]
[White "ilestlibremax"]
[Black "Estepona"]
[Result "1-0"]
[WhiteElo "1343"]
[BlackElo "1499"]

1. Nf3 Nc6 2. c4 d6 3. d4 e6 4. Nc3 Nf6 5. Bg5 Be7 6. e3 O-O 7. e4 h6 8. Bxf6
Bxf6 9. e5 dxe5 10. dxe5 Nxe5 11. Be2 Nxf3+ 12. Bxf3 Bxc3+ 13. bxc3 c6 14. O-O
Qf6 15. Qc2 Rd8 16. Rad1 e5 17. Rxd8+ Qxd8 18. Rd1 Qe7 19. Rd2 Be6 20. Qd1 Bxc4
21. Be2 Bxe2 22. Qxe2 f6 23. Qd1 a5 24. a4 b5 25. axb5 cxb5 26. Rd5 1-0

[Event "AUTO-INT-681"]
[Site "http://www.queenalice.com/game.php?id=301831"]
[Date "2007.11.10"]
[Round "1"]
[White "pedroso"]
[Black "Estepona"]
[Result "1-0"]
[WhiteElo "1403"]
[BlackElo "1477"]

1. e4 e5 2. Nf3 Nc6 3. Bb5 a6 4. Bxc6 dxc6 5. Nc3 Bd6 6. d4 Bg4 7. Be3 Nf6 8.
Qd2 Bxf3 9. gxf3 c5 10. dxc5 Be7 11. Qxd8+ Rxd8 12. Bd2 Bxc5 13. O-O-O Bxf2 14.
Be1 Rxd1+ 15. Nxd1 Bxe1 16. Rxe1 O-O 17. Nc3 Rd8 18. Nd5 1-0

[Event "AUTO-INT-681"]
[Site "http://www.queenalice.com/game.php?id=301832"]
[Date "2007.11.10"]
[Round "1"]
[White "Estepona"]
[Black "pedroso"]
[Result "0-1"]
[WhiteElo "1458"]
[BlackElo "1422"]

1. g4 e5 2. Bg2 Nc6 3. c4 Bc5 4. e3 Nf6 5. g5 Ng8 6. h4 f6 7. Nc3 d6 8. Bxc6+
bxc6 9. Ne4 fxg5 10. Nxc5 dxc5 11. h5 Nf6 12. Nf3 Bg4 13. h6 gxh6 14. Rxh6 Kf7
15. Nxe5+ Kf8 16. Nxg4 Nxg4 17. Qxg4 a5 18. Rxc6 Qe7 0-1

[Event "AUTO-INT-681"]
[Site "http://www.queenalice.com/game.php?id=301847"]
[Date "2007.11.10"]
[Round "1"]
[White "lejunges"]
[Black "Estepona"]
[Result "1-0"]
[WhiteElo "1479"]
[BlackElo "1449"]

1. Nc3 d5 2. d4 c6 3. Nf3 f5 4. Bf4 Nf6 5. Ng5 e6 6. e3 Bd6 7. Qd3 Bxf4 8. exf4
O-O 9. Be2 Ne4 10. Qh3 Nxg5 11. fxg5 Qxg5 12. Rd1 Nd7 13. f3 Rf6 14. g4 fxg4 15.
fxg4 e5 16. Rf1 e4 17. Rf5 Rxf5 18. gxf5 Nf6 19. a4 Bxf5 20. Qf1 Re8 21. b4 Ng4
22. Qg1 Qh4+ 23. Kd2 Qxh2 24. Qxh2 Nxh2 25. b5 Bg4 26. bxc6 bxc6 27. Rh1 Bxe2
28. Nxe2 Nf3+ 29. Kd1 Rb8 30. Nc3 Nxd4 31. Kd2 Nf3+ 32. Ke3 g5 33. a5 Rb2 34.
Rh6 Rxc2 35. Rxc6 1-0

[Event "AUTO-INT-681"]
[Site "http://www.queenalice.com/game.php?id=301848"]
[Date "2007.11.10"]
[Round "1"]
[White "Estepona"]
[Black "lejunges"]
[Result "0-1"]
[WhiteElo "1483"]
[BlackElo "1525"]

1. g4 e6 2. Bg2 Nc6 3. c4 f5 4. h3 Ne5 5. gxf5 exf5 6. Nc3 d6 7. Qb3 Ne7 8. Nd5
Nxd5 9. Bxd5 c6 10. Bg2 Be6 11. Qxb7 d5 12. cxd5 cxd5 13. d4 Rb8 14. Qa6 Bc8 15.
Qa4+ Nd7 16. Bxd5 Bb4+ 17. Bd2 Bxd2+ 18. Kxd2 Rxb2+ 19. Ke1 Qe7 20. Qc4 Nb6 21.
Bc6+ Bd7 22. Bxd7+ Kxd7 23. Nf3 Nxc4 0-1

[Event "AUTO-INT-681"]
[Site "http://www.queenalice.com/game.php?id=301857"]
[Date "2007.11.10"]
[Round "1"]
[White "Herivelto"]
[Black "Estepona"]
[Result "1-0"]
[WhiteElo "1776"]
[BlackElo "1452"]

1. Nf3 f5 2. c4 e6 3. b3 c6 4. Bb2 Nf6 5. g3 d5 6. cxd5 exd5 7. Bg2 Be6 8. Ng5
Bd7 9. d3 Be7 10. Nd2 O-O 11. O-O h6 12. Ngf3 Nh7 13. Ne5 Bc8 14. Re1 Bf6 15.
Rb1 Qe8 16. Nef3 Bxb2 17. Rxb2 f4 18. e3 fxg3 19. hxg3 Bg4 20. e4 Qh5 21. exd5
cxd5 22. Re5 Nc6 23. Rxh5 Bxh5 24. a3 Ng5 25. Qc1 Nxf3+ 26. Nxf3 Bxf3 27. Qe3
Rae8 28. Qc1 Nd4 29. Bxf3 Nxf3+ 30. Kg2 Re1 31. Qc5 Rg1+ 32. Kh3 Rh1+ 33. Kg2
1-0

[Event "AUTO-INT-681"]
[Site "http://www.queenalice.com/game.php?id=301858"]
[Date "2007.11.10"]
[Round "1"]
[White "Estepona"]
[Black "Herivelto"]
[Result "0-1"]
[WhiteElo "1456"]
[BlackElo "1766"]

1. g4 c5 2. Bg2 d5 3. c4 e6 4. cxd5 exd5 5. Nc3 d4 6. Nb5 Nc6 7. h3 Nf6 8. d3 a6
9. Na3 Bd7 10. Nc4 g6 11. Bf4 Be6 12. Bxc6+ bxc6 13. Qa4 Bxc4 14. Qxc4 Qa5+ 15.
Bd2 Qb6 16. b3 Bg7 17. Nf3 Nd7 18. O-O O-O 19. Qc1 Rfe8 20. Bh6 Rxe2 21. Bxg7
Kxg7 22. Nd2 Ne5 23. f4 Nxd3 24. Qd1 Re7 25. Qc2 Nb4 26. Qb2 Re2 27. f5 f6 28.
fxg6 hxg6 0-1

[Event "AUTO-OPEN-745"]
[Site "http://www.queenalice.com/game.php?id=331947"]
[Date "2008.1.6"]
[Round "2"]
[White "Petruzza"]
[Black "Estepona"]
[Result "1-0"]
[WhiteElo "1720"]
[BlackElo "1467"]

1. e4 d6 2. d4 Nf6 3. f3 g6 4. g4 Bg7 5. g5 Nfd7 6. f4 Nc6 7. d5 Na5 8. b4 Bxa1
9. bxa5 Bg7 10. Ba3 O-O 11. h4 c5 12. h5 Qxa5+ 13. Ke2 Nb6 14. Bc1 1-0

[Event "AUTO-OPEN-745"]
[Site "http://www.queenalice.com/game.php?id=331948"]
[Date "2008.1.6"]
[Round "2"]
[White "Estepona"]
[Black "Petruzza"]
[Result "0-1"]
[WhiteElo "1461"]
[BlackElo "1726"]

1. g4 d5 2. Bg2 c6 3. g5 e5 4. d3 Bc5 5. f4 e4 6. dxe4 dxe4 7. Qxd8+ Kxd8 8.
Bxe4 Ne7 9. h4 b6 10. Nc3 Ng6 11. Bd2 Re8 12. O-O-O Bd7 13. e3 Na6 0-1

[Event "AUTO-OPEN-745"]
[Site "http://www.queenalice.com/game.php?id=331960"]
[Date "2008.1.6"]
[Round "2"]
[White "Estepona"]
[Black "kloosterveen"]
[Result "0-1"]
[WhiteElo "1469"]
[BlackElo "1944"]

1. g4 d5 2. Bg2 e6 3. b3 Bd6 4. Bb2 f6 5. h3 Ne7 6. h4 Nbc6 7. g5 fxg5 8. hxg5
O-O 9. e3 e5 10. Qh5 Bf5 11. Nc3 Nb4 12. e4 Nxc2+ 13. Kd1 Bg6 0-1